ბათუმის შოთა რუსთაველის სახელმწიფო უნივერსიტეტის ბიბლიოთეკა

ავტომობილის თეორია. (ბიბ.ჩანაწერი № 53031)

000 -LEADER
fixed length control field 00786nam a2200241Ia 4500
001 - CONTROL NUMBER
control field 20067
003 - CONTROL NUMBER IDENTIFIER
control field GE_BSU
008 - FIXED-LENGTH DATA ELEMENTS--GENERAL INFORMATION
fixed length control field 181216s||||||||xx |||||||||||||| ||und||
040 ## - CATALOGING SOURCE
Transcribing agency GE_BSU
080 ## - UNIVERSAL DECIMAL CLASSIFICATION NUMBER
Universal Decimal Classification number 629.33(075.8)
100 ## - MAIN ENTRY--PERSONAL NAME
Personal name დვალი, რ.
245 ## - TITLE STATEMENT
Title ავტომობილის თეორია.
245 ## - TITLE STATEMENT
Statement of responsibility, etc. რედ. გ. რაზმაძე
260 ## - PUBLICATION, DISTRIBUTION, ETC.
Place of publication, distribution, etc. თბილისი
260 ## - PUBLICATION, DISTRIBUTION, ETC.
Name of publisher, distributor, etc. საქ. პოლიტექნ. ინ-ტის გამ-ბა და სტ
260 ## - PUBLICATION, DISTRIBUTION, ETC.
Date of publication, distribution, etc. 1960
300 ## - PHYSICAL DESCRIPTION
Extent 222გვ. : ნახ. ; 22სმ.
300 ## - PHYSICAL DESCRIPTION
Accompanying material ბიბლიოგრ: გვ. 220
653 ## - INDEX TERM--UNCONTROLLED
Uncontrolled term ავტომობილი
653 ## - INDEX TERM--UNCONTROLLED
Uncontrolled term ავტომობილის თეორია.
942 ## - ADDED ENTRY ELEMENTS (KOHA)
Koha item type წიგნი
ეგზემპლარები
Withdrawn status Lost status Damaged status Not for loan Date acquired Barcode Date last seen Price effective from Koha item type
        2018-12-17 27872 2018-12-17 2018-12-17 წიგნი